000 00384cam a2200145ua 4500
020 _a9788189401269
082 _a532
_bMOD/HY
100 _aModi, P.N .
245 _aHydraulics and fluid mechanics including hydraulics machines /
250 _a15 / 18
260 _aNew Delhi :
_bStandard book house ,
_c2005.
_c2011
300 _a1271 ; .
700 1 _aSeth, S.M .
942 _cBK
999 _c13111
_d13111